|
|
|
|
| LEADER |
00000nam0a2200000 4500 |
| 001 |
102572 |
| 005 |
20231031113039.0 |
| 020 |
|
|
|a RU
|b 87-84157
|
| 035 |
|
|
|a (RuTPU)RU\TPU\book\110597
|
| 090 |
|
|
|a 102572
|
| 100 |
|
|
|a 20060928d1987 k y0rusy5003 ca
|
| 101 |
0 |
|
|a rus
|
| 102 |
|
|
|a RU
|
| 105 |
|
|
|a a z 001zy
|
| 200 |
1 |
|
|a Пневмоэлектронные комплексы в системах управления химико-технологическими процессами
|f Э. И. Склярский, Л. А. Барский
|
| 210 |
|
|
|a Москва
|c Химия
|d 1987
|
| 215 |
|
|
|a 196 с.
|c ил.
|
| 225 |
1 |
|
|a Автоматизация химических производств
|
| 320 |
|
|
|a Библиогр.: с. 193-195 (58 назв.)
|
| 610 |
1 |
|
|a химия
|
| 610 |
1 |
|
|a нефтехимическая промышленность
|
| 610 |
1 |
|
|a нефтеперерабатывающая промышленность
|
| 610 |
1 |
|
|a минеральные удобрения
|
| 610 |
1 |
|
|a пневмоэлектроника
|
| 610 |
1 |
|
|a пневматика
|
| 610 |
1 |
|
|a химико-технологические процессы
|
| 610 |
1 |
|
|a системы управления
|
| 675 |
|
|
|a 66.012-52
|z rus
|
| 700 |
|
1 |
|a Склярский
|b Э. И.
|g Эдуард Исаакович
|4 070
|
| 701 |
|
1 |
|a Барский
|b Л. А.
|g Леонид Абрамович
|4 070
|
| 801 |
|
0 |
|a RU
|b RuMRKP
|c 19950417
|g psbo
|
| 801 |
|
1 |
|a RU
|b 63413507
|c 20060928
|g PSBO
|
| 801 |
|
2 |
|a RU
|b 63413507
|c 20061006
|g PSBO
|
| 942 |
|
|
|c BK
|